000 00517nam a2200193Ia 4500
003 OSt
005 20250113104731.0
008 210716s1977 xx 000 0 und d
020 _a0449235254
040 _cAIMIT LIBRARY
041 _aeng
082 _a808.83
_21
_bMACJ
100 _aMacdonald, John D.
_9193201
245 _aCondominium /
_cBy John D Macdonald.
250 _a1st ed.
260 _aNew York :
_bFawcett Books ;
_c1977.
300 _a478p. ;
_bPB
_c18 cm.
942 _2ddc
_cBK
_e1st ed.
_k808.83 MACJ
999 _c199888
_d199888